Statistics for Locations by Letter - P

Click here to take the quiz!

General Stats

  • This quiz has been taken 28,039 times
  • The average score is 13 of 20

Answer Stats

Description Location % Correct
City with a leaning towerPisa
92%
Recently demoted dwarf planetPluto
92%
Catholic country of Eastern EuropePoland
88%
City on the SeineParis
88%
Headquarters of the U.S. militaryPentagon
87%
Roman city destroyed by Mt. VesuviusPompeii
84%
The White House's streetPennsylvania
Avenue
75%
Most famous temple of AthensParthenon
75%
51st U.S. state?Puerto Rico
75%
The city of brotherly lovePhiladelphia
64%
Where bulls run with peoplePamplona
60%
Where the grass is green and
the girls are pretty
Paradise City
58%
Place of purification in the afterlifePurgatory
57%
Country from which
Paddington Bear emigrated
Peru
53%
Oceanic sound on which Seattle sitsPuget Sound
49%
It's in my ears and in my eyes,
there beneath the blue suburban skies
{Penny} Lane
48%
Rock where Simba looks out
over his lion kingdom
Pride Rock
42%
Fertile grassland region of Argentina,
Uruguay, and Brazil
Pampas
42%
Dystopian nation with annual
Hunger Games
Panem
40%
Moon rich in UnobtaniumPandora
20%

Score Distribution

Percentile by Number Answered

Percent of People with Each Score

Your Score History

You have not taken this quiz